Simulátor asemblera 52 s., príl.,

Enregistré dans:
Détails bibliographiques
Auteur principal: Krč, Matej (Auteur)
Autres auteurs: Gallo, Ondrej (Directeur de thèse)
Format: Manuscrit Livre
Langue:slovaque
Publié: 2019
Sujets:
Accès en ligne:http://is.stuba.sk/zp/portal_zp.pl?podrobnosti=135174
Tags: Ajouter un tag
Pas de tags, Soyez le premier à ajouter un tag!

MARC

LEADER 00000ntm a22000003a 4500
001 stuzp71588
003 SK-STU
005 20190903131602.3
007 ta
008 150427s2015----xo-----f-mn---000-0-slo-d
040 |a STU  |b slo 
041 0 |a slo 
044 |a xo 
100 1 |a Krč, Matej  |u 035000  |4 aut  |U FEI Fakulta elektrotechniky a informatiky  |T FEI Ústav informatiky a matematiky  |X 86210  |U E050  |Y 816  |7 86210 
242 0 1 |a Assembler simulator  |y eng 
245 1 0 |a Simulátor asemblera  |b 52 s., príl.,  |c CD-ROM 
260 |c 2019 
650 4 |a Asembler  |2 slo 
650 4 |a mikroprocesor  |2 slo 
650 4 |a kompilátor  |2 slo 
650 4 |a vývojové prostredie  |2 slo 
650 4 |a microprocessor  |2 eng 
650 4 |a compiler  |2 eng 
650 4 |a development environment  |2 eng 
650 4 |a Assembly  |2 eng 
700 1 |a Gallo, Ondrej  |u 035000  |k Z1  |4 ths  |U FEI Fakulta elektrotechniky a informatiky  |T FEI Ústav informatiky a matematiky  |X 27473  |U E050  |Y 816  |7 A000027473 
856 4 |u http://is.stuba.sk/zp/portal_zp.pl?podrobnosti=135174 
996 |b 284ER03028  |c E*Bc- 3028  |l EE35  |s P  |a 0  |w stuzp71588_0001